Exportná výkonnosť slovenskej ekonomiky diplomová práca

Salvato in:
Dettagli Bibliografici
Autore principale: Pšenák, Jakub
Ente Autore: Obchodná fakulta EU. Katedra medzinárodného obchodu
Altri autori: Ružeková, Viera, 1957-
Natura: Libro
Lingua:slovacco
Pubblicazione: Bratislava 2020
Tags: Aggiungi Tag
Nessun Tag, puoi essere il primo ad aggiungerne!!

MARC

LEADER 00000nbm a2200000 4500
001 0268058
005 20201008083646.3
041 0 |a slo 
044 |a SK 
245 1 0 |a Exportná výkonnosť slovenskej ekonomiky  |b diplomová práca  |c Jakub Pšenák ; školiteľ: Viera Ružeková 
264 1 |a Bratislava  |c 2020 
300 |a 91 s. 
100 1 |a Pšenák, Jakub 
700 1 |a Ružeková, Viera, 1957- 
710 2 |a Obchodná fakulta EU. Katedra medzinárodného obchodu